Statistics for Countries With The Least O+ Blood Type

Click here to take the quiz!

General Stats

  • This quiz has been taken 8 times
  • The average score is 17 of 20

Answer Stats

PercentageAnswer% Correct
29.8%Japan
100%
27.15%North Korea
100%
26.8%South Korea
100%
30%Austria
88%
28%Bulgaria
88%
29.5%Estonia
88%
28%Finland
88%
27%Hungary
88%
30.6%Latvia
88%
28.5%Moldova
88%
30%North Macedonia
88%
28%Romania
88%
27.2%Slovakia
88%
29%Armenia
75%
29.8%Azerbaijan
75%
29.21%Bangladesh
75%
29%Croatia
75%
27%Czech Republic
75%
30.04%Pakistan
63%
29.42%Uzbekistan
63%

Score Distribution

Percentile by Number Answered

Percent of People with Each Score

Your Score History

You have not taken this quiz